Investice na ochranu životního prostředí.

Celková charakteristika vývoja investícií na ochranu životného prostredia do konca roka 1991 a ich podiel na celkových investíciách. Štatistické údaje o stavbách na ochranu životného prostredia a ich štruktúra podľa programového zamerania, podľa krajov, a podľa predpokladaného dokončenia.

Gespeichert in:
Bibliographische Detailangaben
1. Verfasser: Palas, S.
Format: Buchkapitel
Sprache:Tschechisch
Schlagworte:
Tags: Tag hinzufügen
Keine Tags, Fügen Sie das erste Tag hinzu!

MARC

LEADER 00000naa a2200000 4500
001 r013238
005 20221130112123.3
041 0 |a cze 
044 |a CZ 
245 1 0 |a Investice na ochranu životního prostředí.  |c S. Palas 
520 |a Celková charakteristika vývoja investícií na ochranu životného prostredia do konca roka 1991 a ich podiel na celkových investíciách. Štatistické údaje o stavbách na ochranu životného prostredia a ich štruktúra podľa programového zamerania, podľa krajov, a podľa predpokladaného dokončenia. 
610 2 0 |a investície 
610 2 0 |a ochrana prostredia životného 
610 2 0 |a údaje štatistické 
610 2 0 |a ČSFR 
610 2 0 |a výstavba investičná 
610 2 0 |a 1991 
610 2 0 |a 1992 
610 2 0 |a ekológia 
100 1 |a Palas, S.